600 MILLONES DE CHINOS /

TRADUCCION DE: 600 MILLONS DE CHINOIS

Guardado en:
Bibliografiske detaljer
Hovedforfatter: Guillain, Robert (autor)
Format: Bog
Fag:
Tags: Tilføj Tag
Ingen Tags, Vær først til at tagge denne postø!

MARC

LEADER 00000nam^a2200000^a^4500
001 000232854
005 20250521000000.0
009 20260310104620.889
035 |a 052887 
037 |a Acervo Xavier Clavigero 
082 |a 305. 09  |b GUI 
100 |a Guillain, Robert  |e (autor) 
245 1 0 |a 600 MILLONES DE CHINOS /  |c ROBERT GUILLAIN ; TR. MARIA LUISA BASTOS 
264 |a BUENOS AIRES :  |b SUR,  |c 1956 
300 |a 209 p. 
336 |a texto  |b txt  |2 rdacontenido 
337 |a sin mediación  |b n  |2 rdamedio 
338 |a volumen  |b nc  |2 rdasoporte 
520 |a TRADUCCION DE: 600 MILLONS DE CHINOIS 
649 |a XX 
650 |a China -  |x Condiciones Sociales y Culturales 
650 |a Política -  |z China -  |x Historia -  |y Siglo XX 
910 |a Fondo General 
920 |a Impresos - Libros 
930 |a Colección General 
905 |a 101 
901 |a 052887  |b IT1  |c ACC  |i 052887  |u 20250521 
902 |a https://opac.biblio.iteso.mx/vufind/Record/000232854